La civilización occidental /

Guardado en:
Autor Principal: Kidd, Benjamin
Formato: Libro
Publicado: España : V. Suarez, 1904
Materias:
Etiquetas: Agregar Etiqueta
Sin Etiquetas, Sea el primero en etiquetar este registro!
LEADER 00457nam a22001695a 4500
001 CEM.cems003587
005 19000101000000.0
008 130507s1904##################000#0#####d
003 CEMS
082 0 4 |a 901 
100 1 |a Kidd, Benjamin 
245 1 0 |a La civilización occidental / 
260 |a España :  |b V. Suarez,  |c 1904 
300 |a 509 p. 
653 |a Historia 
653 |a Historia de la civilizacion 
859 |a CEMS  |b BIB. CEMS - 11 de abril  |h 901  |i K537  |p 9208.81  |t Ej.1